| 000 | 01107cam a22003134a 4500 | ||
|---|---|---|---|
| 001 | 13894975 | ||
| 003 | JO-AjAnu | ||
| 005 | 20231202132925.0 | ||
| 008 | 050310s2006 njua 001 0 eng | ||
| 010 | _a 2005006768 | ||
| 020 | _a0131867121 | ||
| 040 |
_aDLC _cDLC _dDLC _dJO-AjAnu |
||
| 042 | _apcc | ||
| 050 | 0 | 0 |
_aHF5667 _b.A69 2006 |
| 082 | 0 | 0 |
_a657/.45 _222 |
| 100 | 1 |
_aArens, Alvin A. _eAuthor |
|
| 245 | 1 | 0 |
_aAuditing and Assurance services : _ban integrated Approach / _cAlvin A. Arens, Randal J. Elder, Mark S. Beasley. |
| 250 | _a11th ed. | ||
| 260 |
_aUpper Saddle River, N.J. : _bPearson Prentice Hall, _cc2006. |
||
| 300 |
_axvii, 799 p. : _bill. (some col.) ; _c29 cm. |
||
| 500 | _a"Includes coverage of the Sarbanes-Oxley Act and Section 404 audits." | ||
| 500 | _aIncludes index. | ||
| 650 | 0 | _aAuditing. | |
| 700 | 1 |
_aElder, Randal J. _ejoint author |
|
| 700 | 1 | _aBeasley, Mark S. | |
| 906 |
_a7 _bcbc _corignew _d1 _eecip _f20 _gy-gencatlg |
||
| 942 |
_2lcc _cBK _n0 |
||
| 999 |
_c33232 _d33232 |
||